Guía del estudiante 2007 (Record no. 21909)

MARC details
000 -LEADER
campo de control de longitud fija 00684nmm a2200253 a 4500
003 - IDENTIFICADOR DE NÚMERO DE CONTROL
campo de control AR-X00000XY
005 - FECHA Y HORA DE LA ÚLTIMA TRANSACCIÓN
campo de control 20251128212001.0
008 - DATOS DE LONGITUD FIJA--INFORMACIÓN GENERAL
campo de control de longitud fija 277020s2007 ||||||||||||||000 | spa||
020 ## - NÚMERO INTERNACIONAL ESTÁNDAR DEL LIBRO
Número Internacional Estándar del Libro 987-9339-31-2
040 ## - FUENTE DE CATALOGACIÓN
Centro/agencia transcriptor AR-X00000XY
100 1# - ENTRADA PRINCIPAL--NOMBRE DE PERSONA
Nombre de persona Lázara, Juan Antonio
245 10 - MENCIÓN DEL TÍTULO
Título Guía del estudiante 2007
260 ## - PUBLICACIÓN, DISTRIBUCIÓN, ETC.
Lugar de publicación, distribución, etc. Buenos Aires
Nombre del editor, distribuidor, etc. Lázara Grupo Editor
Fecha de publicación, distribución, etc. 2007
300 0# - DESCRIPCIÓN FÍSICA
Extensión 1079 p.
500 1# - NOTA GENERAL
Nota general 'Demanda laboral carrera por carrera, planes de estudio'
650 #4 - PUNTO DE ACCESO ADICIONAL DE MATERIA--TÉRMINO DE MATERIA
Término de materia o nombre geográfico como elemento de entrada GUIA DEL ESTUDIANTE
650 #4 - PUNTO DE ACCESO ADICIONAL DE MATERIA--TÉRMINO DE MATERIA
Término de materia o nombre geográfico como elemento de entrada GUIAS
650 #4 - PUNTO DE ACCESO ADICIONAL DE MATERIA--TÉRMINO DE MATERIA
Término de materia o nombre geográfico como elemento de entrada UNIVERSIDADES
650 #4 - PUNTO DE ACCESO ADICIONAL DE MATERIA--TÉRMINO DE MATERIA
Término de materia o nombre geográfico como elemento de entrada ENSENANZA UNIVERSITARIA
653 #0 - TÉRMINO DE INDIZACIÓN--NO CONTROLADO
Término no controlado EDUCACION SUPERIOR
655 ## - TERMINO DE INDIZACIÓN--GENERO/FORMA
Datos o término principal de género/forma REFERENCIA
942 ## - ELEMENTOS DE ENTRADA SECUNDARIOS (KOHA)
Tipo de ítem Koha Libros
998 ## - INFORMACIÓN DE CONTROL LOCAL (RLIN)
Iniciales del catalogador, CIN (RLIN) Nancy
Holdings
Estatus retirado Estado de pérdida Fuente de la clasificación o esquema de estantería Estado de daño Restricciones de uso No para préstamo Biblioteca de origen Biblioteca actual Ubicación en estantería Fecha de adquisición Total de préstamos Signatura topográfica completa Código de barras Visto por última vez Precio de reemplazo Tipo de ítem Koha
    Clasificación Decimal Dewey   Acceso restringido No para préstamo Liberty Liberty   28/11/2025   373/378 LAZG 2007 145798 28/11/2025 28/11/2025 Libros